00417nam a22001337a 450000500170000000800410001704100120005808200130007010000130008324500440009626000860014030000320022665000250025820240820140154.0240820b |||||||| |||| 00| 0 eng d aEnglish a349 LAW  lEnglish  aThe Law Reports: Common Pleas Division  aLondon: bThe Incorporated Council of Law Reporting for England and Wales, c1879 bxxiii, 477 pages; c25 cm.  aLegal practice bLaw